000 01158namaa2200289 i 4500
003 EG-GICUC
005 20260228123745.0
008 260228s1982 ua ||||jr|||| 000 0 ara d
017 _a1982 / 2393
_bدار الكتب والوثائق القومية (مصر)
040 _aEG-GiCUC
_bara
_cEG-GiCUC
_dEG-GiCUC
_erda
082 0 4 _221
_a810.92
_bS168t
092 0 4 _221
_a810.92
_bS168t
099 _a810.92 S168t
100 1 _aسلام، محمد زغلول
_eمؤلف.
245 1 0 _aتاريخ النقد الادبى والبلاغة حتى القرن الرابع الهجرى /
_cدكتور محمد زغلول سلام
264 _aالاسكندرية (مصر) :
_bمنشأة المعارف،
_c1982
300 _a330 صفحة ؛
_c24 سم
336 _2rdacontent
_atext
337 _2rdamedia
_aUnmediated
338 _2rdacarrier
_avolume
504 _aيشتمل على ارجاعات ببليوجراقية
541 _aد. / جابر عصفور ؛
_bالقاهرة ؛
_cإهداء ؛
_d2024.
650 1 7 _aالادب العربى
_xتاريخ
_yصدر الاسلام
_2qrmak
651 1 _2qrmak
905 _aAmira
942 _2ddc
_cBK
_e21
_n0
999 _c178772
_d178772